Catálogo público

Harper bioquímica ilustrada / (Record no. 169638)

MARC details
000 -CABECERA
campo de control de longitud fija 00993nam a2200325Ia 4500
001 - NÚMERO DE CONTROL
campo de control Z_6379
003 - IDENTIFICADOR DEL NÚMERO DE CONTROL
campo de control CHAP
008 - DATOS DE LONGITUD FIJA--INFORMACIÓN GENERAL
campo de control de longitud fija 220113s2012 xx 000 0 und d
010 ## - NÚMERO DE CONTROL DE LA BIBLIOTECA DEL CONGRESO
Número de control de LC 169638
020 ## - NÚMERO INTERNACIONAL ESTÁNDAR DEL LIBRO
Número Internacional Estándar del Libro 978-0-07-176576-3
040 ## - FUENTE DE LA CATALOGACIÓN
Centro/agencia transcriptor CHAP
082 ## - NÚMERO DE LA CLASIFICACIÓN DECIMAL DEWEY
Número de clasificación 574.192 H37y 2012
240 ## - TÍTULO UNIFORME
Título uniforme Harper´s ilustrated biochemistry
245 ## - MENCIÓN DE TÍTULO
Título Harper bioquímica ilustrada /
Mención de responsabilidad, etc. Robert K. Murray...[et. al.]; traducción Bernardo Rivera Muñoz
250 ## - MENCIÓN DE EDICIÓN
Mención de edición 29a ed.
260 ## - PUBLICACIÓN, DISTRIBUCIÓN, ETC.
Lugar de publicación, distribución, etc. China :
Nombre del editor, distribuidor, etc. McGraw-Hill,
Fecha de publicación, distribución, etc. 2012
300 ## - DESCRIPCIÓN FÍSICA
Extensión xiv, 861 p.
500 ## - NOTA GENERAL
Nota general Traducido de la obra en inglés: Harper´s ilustrated biochemistry de la 2a ed. en español por McGraw-Hill
503 ## - NOTA DE HISTORIA BIBLIOGRÁFICA (BK CF MU) [OBSOLETO]
Nota de historia bibliográfica ej.1: REPOSICION
504 ## - NOTA DE BIBLIOGRAFÍA, ETC.
Nota de bibliografía, etc. Incluye bibliografía e índice
650 ## - PUNTO DE ACCESO ADICIONAL DE MATERIA--TÉRMINO DE MATERIA
Término de materia o nombre geográfico como elemento de entrada Bioquímica
9 (RLIN) 12849
700 ## - PUNTO DE ACCESO ADICIONAL--NOMBRE DE PERSONA
Nombre de persona Rivera Muñoz, Bernardo, tr.
9 (RLIN) 144605
700 ## - PUNTO DE ACCESO ADICIONAL--NOMBRE DE PERSONA
Nombre de persona Murray, Robert K., aut. ed.
9 (RLIN) 144606
901 ## - ELEMENTOS DE DATOS A LOCAL LDA (RLIN)
a 574.192 H37Y 2012
902 ## - ELEMENTOS DE DATOS B LOCAL, LDB (RLIN)
a A
910 ## - DATOS DE OPCIÓN DEL USUARIO (OCLC)
Datos de opción del usuario 2012
942 ## - ELEMENTOS DE PUNTO DE ACCESO ADICIONAL (KOHA)
Tipo de ítem Koha Libro_
942 ## - ELEMENTOS DE PUNTO DE ACCESO ADICIONAL (KOHA)
Tipo de ítem Koha
Holdings
Estado de retiro Estado de pérdida Fuente del sistema de clasificación o colocación Estado dañado No para préstamo Código de colección Localización permanente Ubicación/localización actual Ubicación en estantería Fecha de adquisición Código de barras Fecha visto por última vez Número de copia Precio válido a partir de Tipo de ítem Koha
    Dewey Decimal Classification     General Zootecnia Zootecnia   13/09/2013 z_6133 18/01/2022 1 18/01/2022 Libro